Utilization of Waste Materials by Oleaginous Microrganisms

Salvato in:
Dettagli Bibliografici
Autore principale: Valová, Zuzana (Autore)
Altri autori: Čertík, Milan (Relatore della tesi)
Natura: Manoscritto Libro
Lingua:slovacco
inglese
Pubblicazione: 2024
Soggetti:
Accesso online:http://is.stuba.sk/zp/portal_zp.pl?podrobnosti=168874
Tags: Aggiungi Tag
Nessun Tag, puoi essere il primo ad aggiungerne!!

MARC

LEADER 00000ntm a22000003a 4500
001 stuzp99326
003 SK-STU
005 20240622210841.0
007 ta
008 150427s2015----xo-----f-mn---000-0-slo-d
040 |a STU  |b slo 
041 0 |a eng 
100 1 |a Valová, Zuzana  |u 044000  |4 aut  |U FCHPT Fakulta chemickej a potravinárskej technológie  |T FCHPT Ústav biotechnológie  |X 116130  |U C4000  |Y 102  |7 116130 
242 0 1 |a Utilizácia odpadových materiálov tukotvornými mikroorganizmami  |y slo 
245 1 0 |a Utilization of Waste Materials by Oleaginous Microrganisms 
260 |c 2024 
650 4 |a glycerol  |2 slo 
650 4 |a močovina  |2 slo 
650 4 |a Umbelopsis isabellina  |2 slo 
650 4 |a kyselina gama-linolénová  |2 slo 
650 4 |a glycerol  |2 eng 
650 4 |a urea  |2 eng 
650 4 |a gamma-linolenic acid  |2 eng 
650 4 |a Umbelopsis isabellina  |2 eng 
700 1 |a Čertík, Milan  |u 044000  |k Z1  |4 ths  |U FCHPT Fakulta chemickej a potravinárskej technológie  |T FCHPT Ústav biotechnológie  |X 3922  |U C4000  |Y 102  |7 A000003922 
856 4 |u http://is.stuba.sk/zp/portal_zp.pl?podrobnosti=168874